The Rupa Book of Scary Stories (Record no. 12647)
[ view plain ]
| 000 -LEADER | |
|---|---|
| fixed length control field | 00245nam a22000977a 4500 |
| 008 - FIXED-LENGTH DATA ELEMENTS--GENERAL INFORMATION | |
| fixed length control field | 240902b |||||||| |||| 00| 0 eng d |
| 020 ## - INTERNATIONAL STANDARD BOOK NUMBER | |
| International Standard Book Number | 9788129103895 |
| 100 ## - MAIN ENTRY--PERSONAL NAME | |
| Personal name | Bond Ruskin |
| 245 ## - TITLE STATEMENT | |
| Title | The Rupa Book of Scary Stories |
| 260 ## - PUBLICATION, DISTRIBUTION, ETC. (IMPRINT) | |
| Place of publication, distribution, etc. | New Delhi |
| Name of publisher, distributor, etc. | Rupa |
No items available.